000 01166nam a22003497a 4500
001 BR8100913
003 BR-BrBNA
005 20230928090924.0
007 ta
008 230509b bl.||||| |||| 00| 0 por d
040 _aBR-BrBNA
_bpor
_cBiblioteca Nacional de Agricultura
041 _a(Por)
072 _aF25; F60
_b3862
_b0120
_b/G514
090 _ 3862 BR8100913
100 1 _aFerreira, W. de A.
110 1 _aUniversidade Federal Rural do Rio de Janeiro, Itaguai (Brasil)
_0Tese (Mestre em Ciencias)
_911225
245 1 _aEfeito da vinhaca em solos de diferentes texturas [Milho; Zea mays; Fertilizante; Materia seca; Brasil]
246 1 _a[Vinasse effect in different texture soils [Maize; Zea mays; Fertilizer; Dry matter; Brazil]]
260 3 _aItaguai, RJ (Brasil):
_c1980.
300 _a76 p.
500 _a12 tables; Bibliography p. 59-67 (56 ref.); Summary (Por)
650 _aFertilidade do solo
650 _aFisiologia vegetal
650 _avinhaca
650 _aMilho
650 _aFertilizante
650 _aSolo
650 _aMateria seca
650 _aAnalise foliar
909 _a202309
_bLucia
_c55
_dLucia Elande
942 _cBK
999 _c31284
_d31284